000 00277nam a2200121Ia 4500
008 190216s9999||||xx |||||||||||||| ||und||
100 _aBhakri H K
245 0 _aHindi-Falon Aur Sabziyon Se Chikidra
260 _bVidya Vihar
300 _a131
650 _aHindi
942 _cBK
999 _c16229
_d16229